Makroekonomické aspekty znalostnej ekonomiky vo svetle Lisabonskej stratégie
Vymedzenie a identifikácia faktorov ekonomického rastu. Zapojenie Slovenska do využívania znalostne založených zdrojov konkurenčných výhod.
Gespeichert in:
| 1. Verfasser: | |
|---|---|
| Format: | Buchkapitel |
| Sprache: | Slowakisch |
| Schlagworte: | |
| Tags: |
Keine Tags, Fügen Sie das erste Tag hinzu!
|
MARC
| LEADER | 00000naa$a2200000$$$4500 | ||
|---|---|---|---|
| 001 | 0049645 | ||
| 005 | 20240502071556.2 | ||
| 041 | 0 | |a slo | |
| 044 | |a SK | ||
| 245 | 1 | 0 | |a Makroekonomické aspekty znalostnej ekonomiky vo svetle Lisabonskej stratégie |c Ján Lisý |
| 520 | |a Vymedzenie a identifikácia faktorov ekonomického rastu. Zapojenie Slovenska do využívania znalostne založených zdrojov konkurenčných výhod. | ||
| 610 | 2 | 0 | |a riadenie znalostí |
| 610 | 2 | 0 | |a Slovensko |
| 610 | 2 | 0 | |a Európska únia |
| 610 | 2 | 0 | |a rast hospodársky |
| 610 | 2 | 0 | |a výhody komparatívne |
| 610 | 2 | 0 | |a spolupráca intelektuálna |
| 100 | 1 | |a Lisý, Ján | |